000 01026naa a22003257a 4500
001 BR8202512
003 BR-BrBNA
005 20250721143158.0
007 ta
008 250630b bl.|||m| |||| 00| 0 por d
040 _aBR-BrBNA
_bpor
_cBiblioteca Nacional de Agricultura
041 _a(Pt)
072 _aF25; F22
_b0120
_b3810
_b3820
_b3830
_bG514
090 _aF25 BR8202512
100 1 _aMuzilli, O.
100 1 _aOliveira, E.L.
245 1 _aNutricao e adubacao [milho, nitrogenio, fosforo, potassio, analise quimica, Parana, Brasil]
500 _aO milho no Parana Londrina, PR (Brasil): 1982. p. 83-104 [7 ref.; 8 tables] (BR8202512-AMS)
650 _aNUTRICAO VEGETAL
650 _aMILHO
650 _aANALISE QUIMICA
650 _aADUBACAO
650 _aNITROGENIO
650 _aFOSFORO
650 _aPOTASSIO
650 _aPARANA
490 _aCircular - Fundacao Instituto Agronomico do Parana (Brazil)
_vno. 29
_xISSN 0100-3356
942 _cAMS
_2AGRIS
909 _a202506
_bLúcia
_c55
_dLúcia Elande
999 _c334137
_d334137